| 000 | 00920nam a2200229Ia 4500 | ||
|---|---|---|---|
| 005 | 20180313060902.0 | ||
| 008 | 1310 s2012 sp ao frf 000 0dspa | ||
| 020 | _a9788449321979 | ||
| 040 |
_aCO-BoUCM _bspa _cAngélica Rojas (modificó) _dAldemar Mondragón (modificó) |
||
| 041 | 0 | 0 | _aspa |
| 060 | _aWE 103 | ||
| 100 | 1 |
_aFeldenkrais, Moshe _949000 |
|
| 245 | 1 | 0 |
_aAutoconciencia por el movimiento ejercicios fáciles para mejorar tu postura, visión, imaginación y desarrollo personal _cMoshe Feldenkrais ; traducción Luis Justo |
| 260 |
_aBarcelona (España) _bPaidós _c2012 |
||
| 300 |
_a216 páginas _bfotografías |
||
| 490 | 0 | _aPaidós Vida y Salud | |
| 650 | 7 |
_aOrtopedia _926544 |
|
| 650 | 7 |
_aOrtopedia _vManuales _945955 |
|
| 700 | 1 |
_aJusto, Luis _etraductor _949001 |
|
| 765 | _tAwareness through movement. healt exercises for personal growth | ||
| 942 |
_cLIBRO _a15 _e1 _mF312au _2NLM _hWE 103 _n0 |
||
| 999 |
_c38637 _d38637 |
||